00829nam a22002057a 450000500170000001000150001702000260003203500140005803700130007208200140008510000260009924500870012526000410021227001290025330000290038250000380041194200280044999900190047795201270049620180503105048.0 aENG-122860 a9788170494010c995.00 aEN-106392 bDBAD/PUB a954.93032 aChander Prakash Singh aTamils and LTTE in sri lanka perspective and prospects /cby Chander Prakash Singh aNew Delhi bManas Publicationsc2016 a4402/5-A, Ansari Road, (Opp. HDFC Bank) Darya Ganj, bNew Delhie110002k011-23260783, 23265523mmanaspublications@yahoo.com a9, 224p.c22cm(Hb)bill. aIt include bibliography and index 2ddccENmCHAh954.93032 c151835d151835 001040718NFICaDBADbBL1d2018-05-03eDBAD/PUBg995.00l0o954.93032 CHApEN-106392r2018-05-03 00:00:00t1v995.00yEN